يناير الأسود : (Record no. 21073)

MARC details
000 -الفاتح
حقل البيانات ثابتة الطول 01391nam a2200337 i 4500
003 - محدد رقم الضبط
رقم الضبط EG-ScBUE
005 - وقت وتاريخ اخر تعامل مع التسجيلة
رقم الضبط 20231121132138.0
008 - عناصر البيانات ثابتة الطول - معلومات عامة
حقل البيانات ثابتة الطول 151123s2015 ua a f b 000 0 ara d
020 ## - الرقم الدولى المعيارى للكتب
الرقم الدولى المعيارى للكتاب 9691389226
040 ## - مصدر الفهرسة
وكالة الفهرسة الأصلية EG-ScBUE
لغة الفهرسة ara
قواعد الوصف rda
وكالة النسخ EG-ScBUE
وكالة التعديل EG-ScBUE
043 ## - رمز المنطقة الجغرافية
رمز المنطقة الجغرافية a-aj---
082 04 - رقم تصنيف ديوى العشرى
رقم التصنيف 947.540904
رقم المادة س ل ا
رقم الطبعة 22
100 1# - المدخل الرئيسى - إسم شخصى
الإسم الشخصى سلامة، محمد،
الدور مؤلف.
9 (RLIN) 38782
245 10 - بيان العنوان
العنوان يناير الأسود :
بقية العنوان الغزو السوفيتي ل باكو /
بيان المسئوليه,etc تأليف محمد سلامة.
246 3# - العنوان الموازى
عنوان صحيح/عنوان مختصر يناير الأسود :
بقية العنوان الغزو السوفيتي لباكو
246 34 - العنوان الموازى
عنوان صحيح/عنوان مختصر يناير الأسود :
بقية العنوان الغزو السوفيتي لباكو : وثائق وأرشيفات الصحافة المصرية
250 ## - بيان الطبعة
بيان الطبعة الطبعة الأولى.
264 #1 - النشر، التوزيع
مكان الناشر او الموزع القاهرة :
اسم الناشر او الموزع [اسم الناشر غير محدد]،
تاريخ النشر أو التوزيع 2015.
300 ## - الوصف المادى
التعداد 183 صفحة :
تفاصيل ماديه اخرى للوعاء إيضاحيات ملونة ؛
أبعاد الوعاء 24 سم
336 ## - نوع المحتوى
source rdacontent
Carrier Type Term نص
Content Type Code txt
337 ## - نوع الوسيط
Media Type Term بدون وسيط
source rdamedia
Media Type Code n
338 ## - نوع الحامل أو الناقل
Carrier Type Term مجلد
Carrier Type Code nc
source rdacarrier
504 ## - تبصرة ببليوجرافية
تبصرة ببليوجرافية,الخ يشتمل على إرجاعات ببليوجرافية.
541 ## - تبصرة المصدر المباشر للتزويد
مصدر التزويد Donation from Shahla - Azarbaijan.
650 ## - المدخل الاضافى بالموضوع-مصطلح موضوعى
مصدر الرأس أو المصطلح BUEsh
651 #7 - المدخل الاضافى بالموضوع - اسم جغرافى
الاسم الجغرافي أذربيجان
التقسيم الفرعي العام تاريخ.
مصدر الرأس أو المصطلح BUEsh
651 #7 - المدخل الاضافى بالموضوع - اسم جغرافى
الاسم الجغرافي الاتحاد السوفيتى
التقسيم الفرعي العام أحوال سياسية.
مصدر الرأس أو المصطلح BUEsh
653 ## - مصطلح تكشيفى غير مقيد
Resource For college Generalities
Arrived date list November2015
655 ## - مصطلح تكشيفى-نوع/شكل
التقسيم الفرعي الشكلي Reading book
942 ## - عناصر المدخل الإضافي( كوها)
مصدر التصنيف او مخطط الترفيف Dewey Decimal Classification
Holdings
حالة التراجع حالة الفقد مصدر التصنيف او خطة الترفيف حالة تلف ليس للاعارة مجموعات كوها المكان الدائم المكان الحالي موقع الترفيف تاريخ الاكتساب Source of acquisition رقم الاستدعاء الباركود Date last seen تبصرة غير عامة( المفوع للعناصر المفقوده) نوع الوعاء
    Dewey Decimal Classification     Donation-Gift Central Library Central Library Second Floor 23/11/2015 Donation 947.540904 س ل ا 000031407 15/07/2025 Donation from Shahla - Azarbaijan. Book - Borrowing
    Dewey Decimal Classification     Donation-Gift Central Library Central Library Second Floor 23/11/2015 Donation 947.540904 س ل ا 000031406 15/07/2025 Donation from Shahla - Azarbaijan. Book - Borrowing
    Dewey Decimal Classification     Donation-Gift Central Library Central Library Second Floor 23/11/2015 Donation 947.540904 س ل ا 000031405 15/07/2025 Donation from Shahla - Azarbaijan. Book - Borrowing
    Dewey Decimal Classification     Donation-Gift Central Library Central Library Second Floor 23/11/2015 Donation 947.540904 س ل ا 000031404 15/07/2025 Donation from Shahla - Azarbaijan. Book - Borrowing
    Dewey Decimal Classification     Donation-Gift Central Library Central Library Second Floor 23/11/2015 Donation 947.540904 س ل ا 000031403 15/07/2025 Donation from Shahla - Azarbaijan. Book - Borrowing
    Dewey Decimal Classification     Donation-Gift Central Library Central Library Second Floor 23/11/2015 Donation 947.540904 س ل ا 000031402 15/07/2025 Donation from Shahla - Azarbaijan. Book - Borrowing
    Dewey Decimal Classification     Donation-Gift Central Library Central Library Second Floor 23/11/2015 Donation 947.540904 س ل ا 000031401 15/07/2025 Donation from Shahla - Azarbaijan. Book - Borrowing
    Dewey Decimal Classification     Donation-Gift Central Library Central Library Second Floor 23/11/2015 Donation 947.540904 س ل ا 000031400 15/07/2025 Donation from Shahla - Azarbaijan Book - Borrowing
    Dewey Decimal Classification     Donation-Gift Central Library Central Library Second Floor 23/11/2015 Donation 947.540904 س ل ا 000031399 15/07/2025 Donation from Shahla - Azarbaijan. Book - Borrowing
    Dewey Decimal Classification     Donation-Gift Central Library Central Library Second Floor 23/11/2015 Donation 947.540904 س ل ا 000031398 15/07/2025 Donation from Shahla - Azarbaijan. Book - Borrowing
    Dewey Decimal Classification     Donation-Gift Central Library Central Library Second Floor 23/11/2015 Donation 947.540904 س ل ا 000031397 15/07/2025 Donation from Shahla - Azarbaijan. Book - Borrowing